Projecte de municipalització mancomunada dels serveis de funerària a Catalunya / Casa de Caritat de Barcelona
Descripción Física:
[8] p. ; 33 cm
Materias:
Serveis funenaris -- Catalunya
MARC
| LEADER | 00000nam a2200000Ia 4500 | ||
|---|---|---|---|
| 001 | 19871 | ||
| 008 | 160829s1934 xx 000 0 cat d | ||
| 080 | |a RF-7-85 | ||
| 245 | |a Projecte de municipalització mancomunada dels serveis de funerària a Catalunya / Casa de Caritat de Barcelona | ||
| 260 | |a [Barcelona : |b s.n.], |c 1934 | ||
| 300 | |a [8] p. ; |c 33 cm | ||
| 590 | |a Prové de J-577, exp. 7 | ||
| 650 | |a Serveis funenaris |x Catalunya |9 47456 | ||
| 710 | |a Casa de Caritat (Barcelona, Catalunya) |9 52406 | ||
| 710 | |a Casa de Caritat (Barcelona, Catalunya) |9 52406 | ||
| 856 | 4 | |u https://media.diba.cat/diba/fitxers/arxiu/fulletons/bib_19871_1934_baixa.pdf |y Accés lliure | |
| 856 | 4 | |u https://media.diba.cat/diba/fitxers/arxiu/fulletons/bib_19871_1934_baixa.pdf |y Accés lliure | |
| 901 | |a Arxiu | ||
| 942 | |n 1 |2 udc | ||
| 952 | |0 0 |1 0 |4 0 |6 RF785 |7 1 |9 53891 |a Arxiu |b Arxiu |d 2016-12-01 |l 0 |o RF-7-85 |p 19871 |r 2016-12-01 00:00:00 |w 2016-12-01 |y ARXIU | ||
| 999 | |c 57758 |d 57758 | ||
| 900 | |a bib_19871_1934_baixa.pdf | ||